Zákon č. 431/2002 Z.z. z 18. júna 2002 o účtovníctve v znení ďalších zákonov ... a zákona č. 504/2009 Z.z.
Zákon o účtovníctve upravuje rozsah, spôsob a preukázateľnosť vedenia účtovníctva a účtovnej závierky. Za úplným znením zákona nasleduje Dôvodová správa k tejto novelizácii.
Salvato in:
| Natura: | Capitolo di libro |
|---|---|
| Lingua: | slovacco |
| Soggetti: | |
| Tags: |
Nessun Tag, puoi essere il primo ad aggiungerne!!
|
MARC
| LEADER | 00000naa$a2200000$$$4500 | ||
|---|---|---|---|
| 001 | 0110222 | ||
| 005 | 20230927081800.4 | ||
| 041 | 0 | |a slo | |
| 044 | |a SK | ||
| 245 | 1 | 0 | |a Zákon č. 431/2002 Z.z. z 18. júna 2002 o účtovníctve v znení ďalších zákonov ... a zákona č. 504/2009 Z.z. |
| 520 | |a Zákon o účtovníctve upravuje rozsah, spôsob a preukázateľnosť vedenia účtovníctva a účtovnej závierky. Za úplným znením zákona nasleduje Dôvodová správa k tejto novelizácii. | ||
| 610 | 2 | 0 | |a účtovníctvo |
| 610 | 2 | 0 | |a zákony |
| 610 | 2 | 0 | |a novelizácia |
| 610 | 2 | 0 | |a Slovensko |
| 610 | 2 | 0 | |a správy dôvodové |
| 610 | 2 | 0 | |a 2002-2009 |